Zwycięzcy Ballon d'Or - Sudden Death. - Statystyki

Ogólne statystyki
  • Ten quiz został rozwiązany 466 razy
  • Średni wynik to 9 z 25
Answers on the Grid
Answers color-coded by a green-red scale on the quiz's grid according to % correct below.
Alfredo di Stéfano
Andres Iniesta
Andriy Shevchenko
Cristiano Ronaldo
Diego Maradona
Eusébio
Fabio Cannavaro
Ferenc Puskas
Franck Ribéry
Franz Beckenbauer
George Weah
Gianluigi Buffon
Johan Cruyff
Kaká
Karim Benzema
Kenny Dalglish
Lev Yashin
Lionel Messi
Lothar Matthäus
Luís Figo
Luka Modrić
Marco van Basten
Michael Owen
Michał Pazdan
Michel Platini
Neymar
Paolo Maldini
Pavel Nedved
Pelé
Rivaldo
Robert Lewandowski
Rodri
Ronaldinho
Ronaldo
Ruud Gullit
Steven Gerrard
Thierry Henry
Vinicius Júnior
Zbigniew Boniek
Zinédine Zidane
 
Statystyki odpowiedzi
Odpowiedź % Poprawnych
Cristiano Ronaldo
76%
Alfredo di Stéfano
62%
Andriy Shevchenko
59%
Lionel Messi
45%
Luka Modrić
43%
Fabio Cannavaro
42%
Kaká
40%
Rodri
40%
Karim Benzema
39%
Lev Yashin
39%
Ronaldinho
38%
Ronaldo
38%
Johan Cruyff
37%
Zinédine Zidane
37%
Luís Figo
36%
Eusébio
32%
Franz Beckenbauer
30%
Pavel Nedved
30%
Marco van Basten
28%
Michel Platini
28%
George Weah
26%
Michael Owen
26%
Rivaldo
23%
Lothar Matthäus
20%
Ruud Gullit
19%
Nie znaleziono quizów pasujących do podanych kryteriów
Rozkład punktacji
Procent ludzi z każdym wynikiem
Percentyl według liczby udzielonych odpowiedzi
Twoja historia wyników
Nie rozwiązałeś tego quizu